<?xml version="1.0" encoding="UTF-8"?>
<record
    xmlns:xsi="http://www.w3.org/2001/XMLSchema-instance"
    xsi:schemaLocation="http://www.loc.gov/MARC21/slim http://www.loc.gov/standards/marcxml/schema/MARC21slim.xsd"
    xmlns="http://www.loc.gov/MARC21/slim">

  <leader>02800nam a2200337 a 4500</leader>
  <controlfield tag="001">82436</controlfield>
  <controlfield tag="003">BD-RjUL</controlfield>
  <controlfield tag="005">20231211104138.0</controlfield>
  <controlfield tag="008">231211s2019    enk      b    001 0 eng c</controlfield>
  <datafield tag="020" ind1=" " ind2=" ">
    <subfield code="a">9781138298354 (hardback)</subfield>
  </datafield>
  <datafield tag="020" ind1=" " ind2=" ">
    <subfield code="a">9781138298378 (pbk.)</subfield>
  </datafield>
  <datafield tag="020" ind1=" " ind2=" ">
    <subfield code="z">9781351580939 (epub)</subfield>
  </datafield>
  <datafield tag="020" ind1=" " ind2=" ">
    <subfield code="z">9781351580922 (mobipocket/kindle)</subfield>
  </datafield>
  <datafield tag="020" ind1=" " ind2=" ">
    <subfield code="z">9781315098715 (ebk.)</subfield>
  </datafield>
  <datafield tag="035" ind1=" " ind2=" ">
    <subfield code="a">(BD-RjUL)82436</subfield>
  </datafield>
  <datafield tag="040" ind1=" " ind2=" ">
    <subfield code="a">LBSOR/DLC</subfield>
    <subfield code="b">eng</subfield>
    <subfield code="c">LBSOR</subfield>
    <subfield code="e">rda</subfield>
    <subfield code="d">DLC</subfield>
    <subfield code="d">BD-RjUL</subfield>
  </datafield>
  <datafield tag="041" ind1=" " ind2=" ">
    <subfield code="a">eng</subfield>
  </datafield>
  <datafield tag="082" ind1="0" ind2="0">
    <subfield code="2">23</subfield>
    <subfield code="a">320.941</subfield>
    <subfield code="b">MCT 2019</subfield>
  </datafield>
  <datafield tag="100" ind1="1" ind2=" ">
    <subfield code="a">McTavish, Duncan,</subfield>
    <subfield code="e">author.</subfield>
    <subfield code="9">10438</subfield>
  </datafield>
  <datafield tag="245" ind1="1" ind2="0">
    <subfield code="a">Themes and flux in British politics :</subfield>
    <subfield code="b">evolution, change and turbulence /</subfield>
    <subfield code="c">Duncan McTavish.</subfield>
  </datafield>
  <datafield tag="264" ind1=" " ind2="1">
    <subfield code="a">London ;</subfield>
    <subfield code="a">New York :</subfield>
    <subfield code="b">Routledge, Taylor &amp; Francis Group,</subfield>
    <subfield code="c">2019.</subfield>
  </datafield>
  <datafield tag="300" ind1=" " ind2=" ">
    <subfield code="a">240 pages ;</subfield>
    <subfield code="c">25 cm.</subfield>
  </datafield>
  <datafield tag="336" ind1=" " ind2=" ">
    <subfield code="a">text</subfield>
    <subfield code="2">rdacontent</subfield>
  </datafield>
  <datafield tag="337" ind1=" " ind2=" ">
    <subfield code="a">unmediated</subfield>
    <subfield code="2">rdamedia</subfield>
  </datafield>
  <datafield tag="338" ind1=" " ind2=" ">
    <subfield code="a">volume</subfield>
    <subfield code="2">rdacarrier</subfield>
  </datafield>
  <datafield tag="504" ind1=" " ind2=" ">
    <subfield code="a">Includes bibliographical references and index.</subfield>
  </datafield>
  <datafield tag="520" ind1=" " ind2=" ">
    <subfield code="a">"Themes and Flux in British Politics provides readers with an engaging and informative overview of the development, change and turbulence in British politics today. It explores the extent to which the 'old approaches' to politics and policy are becoming less relevant in the contemporary and emerging UK environment and makes sense of the most significant aspects of the moment: political and electoral alignment, referenda, Brexit and the EU, relationship between UK and devolved governments, and key impact related developments internationally. As such, it is an essential read for students and observers of British political life who need pointed, expert coverage to help make sense of these exceptional political times. With a tripartite structure, the book first examines trends in political representation with changes in political engagement, party loyalties and electoral alignment, then places this within the turbulence and changing landscape of the policy / political environment, and finally contextualises the developments in British politics vis a vis international resonances and parallels. Case studies of Scottish independence referendum, referendum to remain or the leave the EU and the EU withdrawal process are used to illustrate the key concepts and arguments advanced and to provide a sense of the current dynamic of British politics. Themes and Flux in British Politics represents a timely response to contemporary debates about the major shifts (perhaps crises) of political parties and representation and the turbulent landscape of public policy and will be essential reading for British politics and government, Brexit, Public Policy, and EU Politics"--</subfield>
  </datafield>
  <datafield tag="651" ind1=" " ind2="0">
    <subfield code="a">Great Britain</subfield>
    <subfield code="x">Politics and government.</subfield>
    <subfield code="9">2018</subfield>
  </datafield>
  <datafield tag="942" ind1=" " ind2=" ">
    <subfield code="2">ddc</subfield>
    <subfield code="c">BK</subfield>
  </datafield>
  <datafield tag="999" ind1=" " ind2=" ">
    <subfield code="c">82436</subfield>
    <subfield code="d">82436</subfield>
  </datafield>
  <datafield tag="952" ind1=" " ind2=" ">
    <subfield code="0">0</subfield>
    <subfield code="1">0</subfield>
    <subfield code="2">ddc</subfield>
    <subfield code="4">0</subfield>
    <subfield code="7">1</subfield>
    <subfield code="8">NFIC</subfield>
    <subfield code="a">RUCL</subfield>
    <subfield code="b">RUCL</subfield>
    <subfield code="c">Reading</subfield>
    <subfield code="d">2023-12-10</subfield>
    <subfield code="e">Dhaka: Omni Concept</subfield>
    <subfield code="g">2895.00</subfield>
    <subfield code="l">0</subfield>
    <subfield code="o">320.941 MCT 2019</subfield>
    <subfield code="r">2023-12-11 00:00:00</subfield>
    <subfield code="t">C-1</subfield>
    <subfield code="w">2023-12-11</subfield>
    <subfield code="y">BK</subfield>
  </datafield>
  <datafield tag="952" ind1=" " ind2=" ">
    <subfield code="0">0</subfield>
    <subfield code="1">0</subfield>
    <subfield code="2">ddc</subfield>
    <subfield code="4">0</subfield>
    <subfield code="7">0</subfield>
    <subfield code="8">NFIC</subfield>
    <subfield code="a">RUCL</subfield>
    <subfield code="b">RUCL</subfield>
    <subfield code="c">GEN</subfield>
    <subfield code="d">2023-12-10</subfield>
    <subfield code="e">Dhaka: Omni Concept</subfield>
    <subfield code="g">2895.00</subfield>
    <subfield code="l">0</subfield>
    <subfield code="o">320.941 MCT 2019</subfield>
    <subfield code="r">2023-12-11 00:00:00</subfield>
    <subfield code="t">C-2</subfield>
    <subfield code="w">2023-12-11</subfield>
    <subfield code="y">BK</subfield>
  </datafield>
  <datafield tag="952" ind1=" " ind2=" ">
    <subfield code="0">0</subfield>
    <subfield code="1">0</subfield>
    <subfield code="2">ddc</subfield>
    <subfield code="4">0</subfield>
    <subfield code="7">0</subfield>
    <subfield code="8">NFIC</subfield>
    <subfield code="a">RUCL</subfield>
    <subfield code="b">RUCL</subfield>
    <subfield code="c">GEN</subfield>
    <subfield code="d">2023-12-10</subfield>
    <subfield code="e">Dhaka: Omni Concept</subfield>
    <subfield code="g">2895.00</subfield>
    <subfield code="l">0</subfield>
    <subfield code="o">320.941 MCT 2019</subfield>
    <subfield code="r">2023-12-11 00:00:00</subfield>
    <subfield code="t">C-3</subfield>
    <subfield code="w">2023-12-11</subfield>
    <subfield code="y">BK</subfield>
  </datafield>
</record>
